DEŇ SKÚŠOBNÍCTVA V SLOVENSKEJ REPUBLIKE 2005

Bibliographic Details
Main Author: Karolová, Katarína (Author)
Format: Article
Language:Slovak

MARC

LEADER 00000nab a2200000 a 4500
001 vtls010723606
003 SK-MaSNL
005 20260304191738.0
008 250709s2005 xo |||||||||||||||||slo|
035 |a (urnnbn)urn:nbn:sk:snk:ar-a04uew 
035 |a (uuid)38db12bb-da50-4a36-a6cb-302af2969831 
035 |a urn:nbn:sk:snk-ab3ny8 
040 |a SNKBUCL  |b slo  |c SNKBUCL  |e AACR2 
041 0 |a slo 
044 |a xo  |c SK 
100 1 |a Karolová, Katarína  |4 aut  |9 342559 
245 1 0 |a DEŇ SKÚŠOBNÍCTVA V SLOVENSKEJ REPUBLIKE 2005  |c Katarína Karolová 
773 0 |t Metrológia a skúšobníctvo : odborný časopis pre prax  |g Roč. 10, č. 4 (2005), s. [1]-8 
850 |a Slovenská národná knižnica 
852 |a Slovenská národná knižnica 
954 |a odborná, vedecká literatúra pôvodná (slovenská)  |2 lita 
958 |a article1 
958 |a OND 
958 |a EUIPO 
999 |c 3056161  |d 3058091